Las razas humanas
Αποθηκεύτηκε σε:
| Μορφή: | Βιβλίο |
|---|---|
| Γλώσσα: | Ισπανικά |
| Έκδοση: |
Barcelona
Océano
1998
Barcelona Instituto Gallach 1998 |
| Θέματα: | |
| Ετικέτες: |
Προσθήκη ετικέτας
Δεν υπάρχουν, Καταχωρήστε ετικέτα πρώτοι!
|
MARC
| LEADER | 00000nam a2200000 a 4500 | ||
|---|---|---|---|
| 001 | UCM0403 | ||
| 003 | CL-VaPUC | ||
| 008 | 020301e19980000SP |||||||||||||||||spa|d | ||
| 082 | 0 | 4 | |a 599.97 |b RAZ |2 21 |
| 245 | 1 | 4 | |a Las razas humanas |
| 300 | |a 4 v | ||
| 942 | |c BK | ||
| 945 | |d 20020301 00:00:00 |a cmena | ||
| 260 | |a Barcelona |b Océano |c 1998 | ||
| 260 | |a Barcelona |b Instituto Gallach |c 1998 | ||
| 500 | |a v.1: El origen del hombre, los pueblos de Africa, oceanía y Asia Oriental | ||
| 500 | |a v.2: Los pueblos de Asia occidental y central, Europa y América | ||
| 500 | |a v.3: Evolución y cultura, Lenguaje, Creencias y Arte | ||
| 500 | |a v.4: Organización social. Identidad y conflicto. La antropología | ||
| 650 | 7 | |a ETNOLOGIA FISICA |2 CL-VaPUC |9 467143 | |
| 650 | 0 | |a Razas |9 326658 | |
| 650 | 0 | |a Antropología cultural y social |9 265143 | |
| 650 | 0 | |a Evolución |9 259442 | |
| 583 | |a last modification |c 20130316 11:25:12 |k Rodrigo Vera | ||
| 999 | |c 299313 |d 299311 | ||
| 952 | |0 0 |1 0 |4 0 |6 599_970000000000000_RAZ_1998_1998 |7 0 |8 X |9 355768 |a BIBEDU |b BIBEDU |d 2019-11-21 |h v.1 |i 3793265 |o 599.97 RAZ 1998 1998 |p 3793265 |r 2023-01-13 |w 2019-11-21 |y BK_X |k BME | ||
| 952 | |0 0 |1 0 |4 0 |6 599_970000000000000_RAZ_1998_1998 |7 0 |8 X |9 355769 |a BIBEDU |b BIBEDU |d 2019-11-21 |h v.2 |i 3793273 |o 599.97 RAZ 1998 1998 |p 3793273 |r 2023-01-13 |w 2019-11-21 |y BK_X |k BME | ||
| 952 | |0 0 |1 0 |4 0 |6 599_970000000000000_RAZ_1998_1998 |7 0 |8 X |9 355770 |a BIBEDU |b BIBEDU |d 2019-11-21 |h v.3 |i 3793281 |o 599.97 RAZ 1998 1998 |p 3793281 |r 2023-01-13 |w 2019-11-21 |y BK_X |k BME | ||
| 952 | |0 0 |1 0 |4 0 |6 599_970000000000000_RAZ_1998_1998 |7 0 |8 X |9 355771 |a BIBEDU |b BIBEDU |d 2019-11-21 |h v.4 |i 379329K |o 599.97 RAZ 1998 1998 |p 379329K |r 2023-01-13 |w 2019-11-21 |y BK_X |k BME | ||